| 000 -ლიდერი |
| ფიქსირებული სიგრძის საკონტროლო ველი |
00962nam a22001937a 4500 |
| 003 - საკონტროლო ნომრის იდენტიფიკატორი |
| საკონტროლო ველი |
Ge_BSU |
| 005 - ბოლო ოპერაციის თარიღი და დრო |
| საკონტროლო ველი |
20260216151813.0 |
| 008 - ფიქსირებული სიგრძის მონაცემთა ელემენტები - ზოგადი ინფორმაცია |
| ფიქსირებული სიგრძის საკონტროლო ველი |
260216s1960 ge ||||| |||| 00| 0 geo d |
| 041 ## - ენის კოდი |
| Language code of text/sound track or separate title |
geo |
| 080 ## - უნივერსალური ათობითი კლასიფიკაციის ინდექსი |
| Universal Decimal Classification number |
658.155+ 338.244.018 პ-14 |
| 100 ## - მთავარი ჩანაწერი - პიროვნების სახელი |
| Personal name |
პაიჭაძე, ნ. |
| 9 (RLIN) |
15618 |
| 245 ## - ცნობა სათაურის შესახებ |
| Title |
სოციალისტურ საწარმოთა სამეურნეო ანგარიში და რენტაბელობა / |
| Statement of responsibility, etc |
ნ. პაიჭაძე. |
| 264 ## - წარმოების, გამოცემის, დისტრიბუციის და სხვა ცნობები |
| გამოცემის, წარმოების, დისტრიბუციის... ადგილი |
თბ. : |
| გამოცემის, წარმოების, დისტრიბუციის... სახელწოდება |
საბჭ. საქართველო, |
| გამოცემის, წარმოების, დისტრიბუციის... თარიღი |
1960. |
| 300 ## - ფიზიკური აღწერა |
| Extent |
173 გვ. ; |
| Other physical details |
20 სმ. |
| 504 ## - BIBLIOGRAPHY, ETC. NOTE |
| Bibliography, etc |
ბიბლიოგრ. შენიშვნებში. |
| 653 ## - INDEX TERM--UNCONTROLLED |
| Uncontrolled term |
სამრეწველო საწარმოების სამეურნეო ანგარიში |
| 653 ## - INDEX TERM--UNCONTROLLED |
| Uncontrolled term |
სამრეწველო საწარმოების რენტაბელობა |
| 942 ## - ADDED ENTRY ELEMENTS (KOHA) |
| Source of classification or shelving scheme |
|
| Koha item type |
წიგნი |